| 000 | 00391nam a2200145 4500 | ||
|---|---|---|---|
| 005 | 20260203132344.0 | ||
| 008 | 260203b |||||||| |||| 00| 0 eng d | ||
| 050 |
_aKSK956 _b.M65 2021 |
||
| 100 | _aMokeria, Elizabeth | ||
| 245 |
_aCompany law: _bstudy text |
||
| 260 |
_aNairobi, Kenya _bStrathmore University _c2021 |
||
| 300 |
_a144 p.: _c28 cm. |
||
| 650 | _aAccounting | ||
| 942 |
_2lcc _cBK |
||
| 999 |
_c60124 _d60124 |
||